Chambers science and technology dictionary / (Record no. 61498)

000 -LEADER
fixed length control field 01093cam a2200289 a 4500
001 - CONTROL NUMBER
control field 557463
003 - CONTROL NUMBER IDENTIFIER
control field NUST-PNEC
005 - DATE AND TIME OF LATEST TRANSACTION
control field 20170116180723.0
008 - FIXED-LENGTH DATA ELEMENTS--GENERAL INFORMATION
fixed length control field 881031s1988 stk d 000 0 eng
010 ## - LIBRARY OF CONGRESS CONTROL NUMBER
LC control number 88197938
020 ## - INTERNATIONAL STANDARD BOOK NUMBER
International Standard Book Number 1852961503
020 ## - INTERNATIONAL STANDARD BOOK NUMBER
Canceled/invalid ISBN 0852961511 (pbk.)
040 ## - CATALOGING SOURCE
Transcribing agency PNEC
050 00 - LIBRARY OF CONGRESS CALL NUMBER
Classification number Q123
Item number .C482 1988
082 00 - DEWEY DECIMAL CLASSIFICATION NUMBER
Classification number 503.21 WAL
Edition number 19
100 ## - MAIN ENTRY--PERSONAL NAME
9 (RLIN) 862
Personal name Walker, M. B.
245 00 - TITLE STATEMENT
Title Chambers science and technology dictionary /
Statement of responsibility, etc. general editor, Peter M.B. Walker.
260 ## - PUBLICATION, DISTRIBUTION, ETC.
Place of publication, distribution, etc. Edinburgh [Scotland] :
Name of publisher, distributor, etc. Chambers ;
Place of publication, distribution, etc. Cambridge [England] ;
-- New York :
Name of publisher, distributor, etc. Cambridge University Press,
Date of publication, distribution, etc. c1988.
300 ## - PHYSICAL DESCRIPTION
Extent xvi, 1008 p. ;
Dimensions 24 cm.
500 ## - GENERAL NOTE
General note http://www.amazon.com/Chambers-Science-Technology-Dictionary-Walker/dp/1852961503/ref=sr_1_4?s=books&ie=UTF8&qid=1414573132&sr=1-4&keywords=cHAMBERS+SCIENCE+AND+TECHNOLOGY+DICTIONARY
650 #0 - SUBJECT ADDED ENTRY--TOPICAL TERM
Topical term or geographic name entry element Science
Form subdivision Dictionaries.
650 #0 - SUBJECT ADDED ENTRY--TOPICAL TERM
Topical term or geographic name entry element Technology
Form subdivision Dictionaries.
-- General
700 1# - ADDED ENTRY--PERSONAL NAME
Personal name Walker, P. M. B.
906 ## - LOCAL DATA ELEMENT F, LDF (RLIN)
a 7
b cbc
c orignew
d 2
e ncip
f 19
g y-gencatlg
942 ## - ADDED ENTRY ELEMENTS (KOHA)
Source of classification or shelving scheme
Koha item type Book
Holdings
Withdrawn status Lost status Source of classification or shelving scheme Damaged status Not for loan Permanent Location Current Location Shelving location Date acquired Source of acquisition Cost, normal purchase price Total Checkouts Full call number Barcode Date last seen Cost, replacement price Price effective from Koha item type
          Pakistan Navy Engineering College (PNEC) Pakistan Navy Engineering College (PNEC) Reference   Progressive International Agency 250.00   503.21 WAL PNECLIB-012113 10/29/2014 250.00 10/29/2014 Book
© 2023 Central Library, National University of Sciences and Technology. All Rights Reserved.